Statystyki dla 15 najbardziej dotkniętych krajów Covid-19 - 26 mar 2021

Kliknij tutaj aby rozwiązać quiz!

Ogólne statystyki

  • Ten quiz został rozwiązany 30 razy
  • Średni wynik to 14 z 27

Statystyki odpowiedzi

kraj% Poprawnych
Polska
97%
Niemcy
90%
Stany Zjednoczone
90%
Francja
86%
Rosja
86%
Hiszpania
76%
Wielka Brytania
76%
Meksyk
72%
Brazylia
69%
Włochy
69%
Indie
62%
Belgia
59%
Czechy
59%
Argentyna
55%
Portugalia
48%
Szwecja
48%
Holandia
45%
Iran
38%
Kolumbia
31%
Turcja
31%
Litwa
28%
Estonia
24%
Słowenia
21%
Izrael
14%
Bahrajn
7%
Gruzja
7%
Panama
7%

Rozkład punktacji

Percentyl według liczby udzielonych odpowiedzi

Procent ludzi z każdym wynikiem

Twoja historia wyników

Nie rozwiązałeś tego quizu